ბათუმის შოთა რუსთაველის სახელმწიფო უნივერსიტეტის ბიბლიოთეკა

საქართველო (ბიბ.ჩანაწერი № 49468)

000 -LEADER
fixed length control field 00963nam a2200205Ia 4500
001 - CONTROL NUMBER
control field 16392
003 - CONTROL NUMBER IDENTIFIER
control field GE_BSU
008 - FIXED-LENGTH DATA ELEMENTS--GENERAL INFORMATION
fixed length control field 181216s||||||||xx |||||||||||||| ||und||
040 ## - CATALOGING SOURCE
Transcribing agency GE_BSU
245 ## - TITLE STATEMENT
Title საქართველო
245 ## - TITLE STATEMENT
Remainder of title საქართველოს ადმინისტრაციულ-ტერიტორიული დაყოფა:ადმინისტრაციული საზღვრები დატანილია 1995 წლის მდგომარეობით
250 ## - EDITION STATEMENT
Edition statement რუკა შედგენილია ს.ს. ,,კარტოგრაფიაში" 1999წ.განახლებულია და დაბეჭდილია2006წ.
260 ## - PUBLICATION, DISTRIBUTION, ETC.
Name of publisher, distributor, etc. ს.ს. ,,კარტოგრაფია
260 ## - PUBLICATION, DISTRIBUTION, ETC.
Date of publication, distribution, etc. 2006
520 ## - SUMMARY, ETC.
Summary, etc. 1:600 000.
653 ## - INDEX TERM--UNCONTROLLED
Uncontrolled term რუკა
653 ## - INDEX TERM--UNCONTROLLED
Uncontrolled term საქართველოს რუკა
942 ## - ADDED ENTRY ELEMENTS (KOHA)
Koha item type რუკები
ეგზემპლარები
Withdrawn status Lost status Damaged status Not for loan Date acquired Barcode Date last seen Price effective from Koha item type
        2018-12-17 40972 2018-12-17 2018-12-17 რუკები
        2018-12-17 40973 2018-12-17 2018-12-17 რუკები